Statistics for Periodesystemet

Click here to take the quiz!

General Stats

  • This quiz has been taken 1 330 times
  • The average score is 31 of 118

Answer Stats

HintAnswer% Correct
1hydrogen
96%
2helium
92%
8oksygen
91%
79gull
85%
47sølv
83%
6karbon
81%
7nitrogen
79%
26jern
74%
11natrium
69%
5bor
68%
20kalsium
66%
3litium
66%
19kalium
65%
17klor
65%
12magnesium
64%
10neon
63%
9fluor
62%
13aluminium
57%
29kobber
57%
92uran
56%
4beryllium
55%
18argon
52%
15fosfor
51%
14silisium
47%
30sink
47%
16svovel
46%
80kvikksølv
45%
99einsteinium
43%
53jod
41%
50tinn
41%
82bly
35%
28nikkel
35%
94plutonium
35%
86radon
35%
54xenon
34%
35brom
33%
27kobolt
31%
25mangan
31%
78platina
31%
24krom
28%
88radium
28%
22titanium
27%
32germanium
26%
34selen
25%
90thorium
25%
36krypton
24%
96curium
23%
31gallium
23%
98californium
22%
33arsen
21%
23vanadium
19%
74wolfram
19%
21scandium
18%
84polonium
17%
49indium
16%
39yttrium
16%
56barium
15%
63europium
15%
87francium
15%
55cesium
14%
48kadmium
14%
93neptunium
14%
41niob
14%
46palladium
13%
95americium
12%
85astat
12%
42molybden
12%
45rhodium
12%
38strontium
12%
57lantan
11%
102nobelium
11%
52tellur
11%
97berkelium
10%
58cerium
10%
77iridium
10%
103lawrencium
10%
118oganesson
10%
117tenness
10%
70ytterbium
10%
40zirkonium
10%
51antimon
9%
68erbium
9%
72hafnium
9%
76osmium
9%
111røntgenium
9%
37rubidium
9%
104rutherfordium
9%
73tantal
9%
81thallium
9%
116livermorium
8%
115moscovium
8%
83vismut
8%
67holmium
7%
101mendelevium
7%
60neodym
7%
75rhenium
7%
62samarium
7%
69thulium
7%
89actinium
6%
107bhorium
6%
110Darmstadtium
6%
100fermium
6%
44ruthenium
6%
43technetium
6%
65terbium
6%
108hassium
5%
71lutetium
5%
59praseodym
5%
61Promethium
5%
106seaborgium
5%
112copernicium
4%
66dysprosium
4%
64gadolinium
4%
105dubnium
3%
114flerovium
3%
109meitnerium
3%
113nihonium
3%
91protactium
3%

Score Distribution

Percentile by Number Answered

Percent of People with Each Score

Your Score History

You have not taken this quiz